• 首页
  • 本馆介绍
  • 公告通知
  • 最新文献
  • 馆藏检索
  • 电子资源
  • 读者导购
  • 参考咨询
  • 我的图书馆
  • 登录
  • 期刊详细显示
  • 现刊情况显示
  • 合订本情况显示
  • 篇目信息显示

期刊信息

  • 表格格式
  • 工作单格式
  • 卡片格式
索取号 
K92/YRDZ
题名 
亚热带资源与环境学报
作者 
福建师范大学亚热带资源与环境学报编辑部
分册号 
分册名 
出版地 
福州
出版者 
亚热带资源与环境学报编辑部
标准刊号 
1673-7105
出版频率 
季刊
中图法分类 
K92
主题词 
地理 中国
电子资源 
000 00730nam0 2200193 450
001 0935698046
005 20090616104738.67
011    @a1673-7105@dCNY5.00(2008)
100    @a20090616d km y0chiy0120 ea
101 0  @achi
102    @aCN@b350000
200 1  @a亚热带资源与环境学报@AYa Re Dai Zi Yuan Yu Huan Jing Xue Bao@f福建师范大学亚热带资源与环境学报编辑部@FFu Jian Shi Fan Da Xue Ya Re Dai Zi Yuan Yu Huan Jing Xue Bao Bian Ji Bu
210    @a福州@c亚热带资源与环境学报编辑部
326    @a季刊
606 0  @a地理@x中国
690    @aK92@v4
711 02 @a福建师范大学亚热带资源与环境学报编辑部@AFu Jian Shi Fan Da Xue Ya Re Dai Zi Yuan Yu Huan Jing Xue Bao Bian Ji Bu
801  0 @aCN@bNISOFT@c20090616
905    @a10447@dK92@eYRDZ
    
    亚热带资源与环境学报/福建师范大学亚热带资源与环境学报编辑部.-福州:亚热带资源与环境学报编辑部
    
    
    
    ISSN 1673-7105:CNY5.00(2008)
    
●
相关链接: 在易读查询期刊 在中国知网中查询期刊 在万方数据查询期刊 在维普查询期刊
唐山师范学院图书馆 欢迎您!
大连网信软件有限公司© 版权所有